Las normas religiosas en el derecho espaǫl la eficacia civil de los ordenamientos jurd̕icos de las confesiones religiosas (catl̤ica, musulmana, juda̕ y protestante) /

Detalles Bibliográficos
Autor principal: Caįvano, Miguel ǹgel
Formato: Desconocido
Lenguaje:español
Publicado: Barcelona : BOSCH EDITOR, 2005
Materias:
Acceso en línea:Acceso restringido

MARC

LEADER 00000ny a22000003n 4500
005 20110620170744.0
006 m u
007 cr cn|||||||||
008 200805r20052008sp |||||s|||||||||||spa d
020 |a 9788476987346 
035 |a 666 
040 |a FlNmELB  |c FlNmELB  |d vLex 
050 1 4 |a KKT2692  |b C138 2005eb 
080 |a 348.01/.07(460) 
090 |c 1166  |d 1166 
100 1 |a Caįvano, Miguel ǹgel 
245 1 4 |a Las normas religiosas en el derecho espaǫl  |h [Recurso electrn̤ico]  |b la eficacia civil de los ordenamientos jurd̕icos de las confesiones religiosas (catl̤ica, musulmana, juda̕ y protestante) /  |c Miguel ǹgel Caįvano 
256 |a Servicio en ln̕ea 
260 |a Barcelona :  |b BOSCH EDITOR,  |c 2005 
300 |a 7-135 p 
506 1 |a Contenido solo disponible en los productos indicados  |d vLex Global  |d vLex Global (Academic Edition, excluding Law Schools)  |d vLex Global (U.S. Academic Edition, Law Schools)  |d vLex Global (U.S. Academic Edition, excluding Law Schools)  |d vLex Global (Academic Edition, Law Schools) 
650 0 7 |a Religin̤  |2 Tesauro vLex 
650 0 7 |a Derecho eclesis̀tico  |2 Tesauro vLex 
740 0 |a vLex Libros (Servicios en ln̕ea) 
856 4 0 |z Acceso restringido  |u http://vlex.com/source/666 
942 |c BOOK